Statistics for U.S States by Largest Lake

Click here to take the quiz!

General Stats

  • This quiz has been taken 53 times
  • The average score is 12 of 16

Answer Stats

HintAnswer% Correct
Great Salt LakeUtah
100%
Lake OkeechobeeFlorida
96%
Salton SeaCalifornia
92%
Yellowstone LakeWyoming
92%
Lake PonchartrainLouisiana
88%
Oneida LakeNew York
88%
Lake WinnebagoWisconsin
84%
Moosehead LakeMaine
82%
Lake Pend OreilleIdaho
72%
Houghton LakeMichigan
72%
Iliamna LakeAlaska
66%
Lake OuachitaArkansas
66%
Pyramid LakeNevada
66%
Lake WinnepesaukeeNew Hampshire
64%
Quabbin ReservoirMassachusetts
48%
Lake HopatcongNew Jersey
46%

Score Distribution

Percentile by Number Answered

Percent of People with Each Score

Your Score History

You have not taken this quiz